Представление документа в формате MARC21

ПолеНазваниеЗначение
  Тип записи a
  Библиографический уровень m
001 Контрольный номер RU\infra-m\znanium\bibl\2186874
005 Дата корректировки 20260429142141.5
008 Кодируемые данные 260424s2024 RU g rus u
020 Индекс ISBN __
a ISBN 978-5-16-020684-4
020 Индекс ISBN __
a ISBN 978-5-16-111783-5 (электр. издание)
040 Источник каталогиз. __
a Служба первич. каталог. Общество с ограниченной ответственностью «ЗНАНИУМ»
041 Код языка издания __
a Код языка текста rus
044 Код страны публикации __
a Код страны публикации RU
080 Индекс УДК __
a Индекс УДК 528.4(075.8)
084 Индекс другой классификации/Индекс ББК __
2 Источник индекса rubbk
a Индекс другой классификации/Индекс ББК 26.12я73
084 Индекс другой классификации/Индекс ББК __
2 Источник индекса okso
a Индекс другой классификации/Индекс ББК 05.03.03
084 Индекс другой классификации/Индекс ББК __
2 Источник индекса okso
a Индекс другой классификации/Индекс ББК 05.03.04
100 Автор __
a Автор Курошев Г. Д.
q Полное имя Курошев Герман Дмитриевич
u Дополнение Санкт-Петербургский государственный университет
245 Заглавие __
a Заглавие Топография
b Продолж. заглавия Учебник
c Ответственность Санкт-Петербургский государственный университет
250 Сведения об издании __
g испр. и доп.
a Основные сведения об издании 3
260 Выходные данные __
a Место издания Москва
b Издательство ООО "Научно-издательский центр ИНФРА-М"
c Дата издания 2025
300 Физическое описание __
a Объем 182 с.
440 Серия __
a Серия Высшее образование
520 Аннотация __
a Аннотация В учебнике описаны основные этапы истории развития геодезических измерений и топографических съемок. Приведены общие сведения о погрешностях измерений правила и методы измерения углов и расстояний решения задач по определению плановых координат и высот пунктов местности. Дано описание наиболее распространенных приборов применяемых для проведения полевых и камеральных работ. Рассмотрены способы и технологии полевых наземных и аэротопографических съемок содержание топографических карт. Учебник создан в соответствии с Федеральным государственным образовательным стандартом по направлениям подготовки «География» «Картография и геоинформатика» и «Гидрометеорология» (квалификация «бакалавр»). Для студентов высших учебных заведений.
521 Примеч. о цел. назн. __
a Примеч. о целев. назн. ВО - Бакалавриат
650 Тематические рубрики __
a Основная рубрика Науки о Земле. Экология
x Основная подрубрика Топография. Топографические съемки
655 Указ. предметных рубрик (устаревшее) __
a Жанр/ форма (устаревшее) Учебник
856 Электронный адрес документа 4_
a Имя сервера/домена znanium.ru
m Помощь ebs_support@infra-m.ru
n Местонахождение сервера НИЦ ИНФРА-М
u URL https://znanium.ru/catalog/document?id=458138
856 Электронный адрес документа 48
a Имя сервера/домена znanium.ru
d Путь /cover/2186
f Электронное имя 2186874.jpg
q Тип электронного формата image/jpeg
u URL https://znanium.ru/cover/2186/2186874.jpg
911 __
u 0030=https://znanium.ru/catalog/document?id=458138